1924 1459 1859 1442 1992 1877 1412 1478 1190 1271 1326 1913 1693 1019 1769 1039 1433 1210 1618 1699 1294 1052 1949 1607 1192 1911 1197 1443 1023 1192 1297 1483 1730 1022 1346 1958 1297 1346 1541 1384 1832 1252 1119 1918 1158 1935 1341 1185 1111 1419 1929 1098 1388 1471 1398 1663 1151 1257 1611 1413 1285 1224 1766 1697 1616 1334 1494 1771 1878 1811 1098 1505 1390 1520 1938 1771 1281 1849 1403 1924 1662 1565 1691 1037 1578 1845 1323 1926 1111 1714 1379 1272 1478 1707 1666 1902 1889 1485 1803 BCNSPRNW ULIB Ver.6.0+V

เปลี่ยนเป็นภาษาไทย

Change to English
 แสดงรายละเอียดบรรณานุกรม
  กลับหน้าหลัก

Brief Record : Get Marc (ISO 2709) : E-mail record : QR code < ปิดหน้าต่าง
LEADER : 00000nam 2200000uu 4500
001    13399113519
003     ULIB
008    110627s2552||||th 000 0 tha d
020    9786160600052
090    นว.^bร267ส 2552
100 0  ระวิวรินทร์
245 00 สุดปลายขุนเขา/^cระวิวรินทร์
250    พิมพ์ครั้งที่ 1
260    กรุงเทพฯ :^bแจ่มใส,^c2552
300    349 หน้า
710 1  แจ่มใส
945    ^p0^l0^i027245
995    ทศพร
999 ^a ใช้งานได้ทุกระบบ
รายการนี้ยังไม่มีแท็ก
คุณยังไม่ได้ล็อกอิน คุณสามารถมีกิจกรรมร่วมกับเว็บไซต์ได้ แต่ต้องล็อกอินก่อน ::
  ล็อกอิน

รายการสื่อสารสนเทศ

ลำดับที่ ประเภท เลขเรียก/บาร์โค้ด สถานที่ สถานะ
1. นวนิยาย
นวนิยาย
นว. ร267ส 2552 ฉ.1 
  Barcode: 027245
ห้องสมุดวิทยาเขตสวรรค์ประชารักษ์
►นวนิยาย
บนชั้น
  ขอยืม

BibComment


ยังไม่เคยถูกคอมเมนท์

คอมเมนท์ทรัพยากรรายการนี้
  คอมเมนท์: สุดปลายขุนเขา ระว..


 Copyright 2026. Bcnsprnw @Library